| 000 | 00634cam a2200205 4500500 | ||
|---|---|---|---|
| 005 | 20260329005353.0 | ||
| 041 | _afre | ||
| 042 | _adc | ||
| 100 | 1 | 0 |
_aDurand, Jean-Marie _eauthor |
| 245 | 0 | 0 | _aViolence des dieux, violence de l’homme. René Girard, notre contemporain |
| 260 | _c2023. | ||
| 500 | _a38 | ||
| 690 | _aDouble | ||
| 690 | _aMimétisme | ||
| 690 | _aRené Girard | ||
| 690 | _aSacré | ||
| 690 | _aViolence | ||
| 786 | 0 | _nPhilosophie magazine | 169 | 5 | 2023-05-01 | p. 69-69 | 1951-1787 | |
| 856 | 4 | 1 | _uhttps://shs.cairn.info/magazine-philosophie-magazine-2023-5-page-69?lang=fr&redirect-ssocas=7080 |
| 999 |
_c1842746 _d1842746 |
||